BASIC AND APPIED SOIL MECHANICS (Record no. 17530)
[ view plain ]
| 000 -LEADER | |
|---|---|
| fixed length control field | 00508nam a22001937a 4500 |
| 003 - CONTROL NUMBER IDENTIFIER | |
| control field | OSt |
| 008 - FIXED-LENGTH DATA ELEMENTS--GENERAL INFORMATION | |
| fixed length control field | 220718b |||||||| |||| 00| 0 eng d |
| 020 ## - INTERNATIONAL STANDARD BOOK NUMBER | |
| ISBN | 9789393159373 |
| 082 ## - DEWEY DECIMAL CLASSIFICATION NUMBER | |
| Classification number | 624.151 36 |
| Item number | RAN/BA |
| 100 ## - MAIN ENTRY--AUTHOR NAME | |
| Personal name | RANJAN,GOPAL |
| 100 ## - MAIN ENTRY--AUTHOR NAME | |
| Personal name | RAO,A S R |
| 245 ## - TITLE STATEMENT | |
| Title | BASIC AND APPIED SOIL MECHANICS |
| 250 ## - EDITION STATEMENT | |
| Edition statement | 4 ed. |
| 260 ## - PUBLICATION, DISTRIBUTION, ETC. (IMPRINT) | |
| Place of publication | : NEW DELHI |
| Name of publisher | ;NEW AGE INTERNATIONAL PUBLISHERS |
| Year of publication | ,2022 |
| 300 ## - PHYSICAL DESCRIPTION | |
| Number of Pages | XVI + 760 |
| 650 ## - SUBJECT ADDED ENTRY--TOPICAL TERM | |
| Topical Term | SOIL MECHANICS |
| 700 ## - ADDED ENTRY--PERSONAL NAME | |
| Personal name | RAO,A S R |
| 942 ## - ADDED ENTRY ELEMENTS (KOHA) | |
| Koha item type | Books |
| Withdrawn status | Lost status | Damaged status | Home library | Current library | Shelving location | Date acquired | Source of acquisition | Cost, normal purchase price | Full call number | Accession Number | Koha item type |
|---|---|---|---|---|---|---|---|---|---|---|---|
| KAUAET | KAUAET | Scheme | 11/07/2022 | TBS PUBLISHERS AND DISTRIBUTERS | 650.00 | 624.151 36 RAN/BA | BB 637 | Book Bank scheme for SC students |
